El Madrid del ¡No pasarán! / (Record no. 93568)

MARC details
000 -LEADER
campo de control de longitud fija 00835nam a2200277 i 4500
001 - NÚMERO DE CONTROL
campo de control 93568
003 - IDENTIFICADOR DE NÚMERO DE CONTROL
campo de control ES-MaACL
005 - FECHA Y HORA DE LA ÚLTIMA TRANSACCIÓN
campo de control 20250720041556.0
007 - CAMPO FIJO DE DESCRIPCIÓN FÍSICA--INFORMACIÓN GENERAL
campo de control de longitud fija t|
008 - DATOS DE LONGITUD FIJA--INFORMACIÓN GENERAL
campo de control de longitud fija 050414s1986 sp ||||1| spa d
017 ## - NÚMERO DE COPYRIGHT O DE DEPÓSITO LEGAL
Número de copyright o de depósito legal M-4547-1986
020 ## - NÚMERO INTERNACIONAL ESTÁNDAR DEL LIBRO
Número Internacional Estándar del Libro 8486280168
040 ## - FUENTE DE CATALOGACIÓN
Centro/agencia transcriptor ES-MaACL
100 ## - ENTRADA PRINCIPAL--NOMBRE DE PERSONA
Nombre de persona Lopezarias, Germán
9 (RLIN) 184305
Término indicativo de función/relación Autor
245 13 - MENCIÓN DEL TÍTULO
Título El Madrid del ¡No pasarán! /
Mención de responsabilidad, etc. Germán Lopezarias
250 ## - MENCION DE EDICION
Mención de edición 1ª ed.
260 ## - PUBLICACIÓN, DISTRIBUCIÓN, ETC.
Lugar de publicación, distribución, etc. Madrid :
Nombre del editor, distribuidor, etc. Avapiés,
Fecha de publicación, distribución, etc. 1986.
300 ## - DESCRIPCIÓN FÍSICA
Extensión 164 p., 1 h. de lám. ;
Dimensiones 20 cm
490 1# - MENCIÓN DE SERIE
Mención de serie Colección Avapiés ;
Designación de volumen o secuencia 17
651 #4 - PUNTO DE ACCESO ADICIONAL DE MATERIA--NOMBRE GEOGRÁFICO
9 (RLIN) 8964
Nombre geográfico Madrid-
Subdivisión general Historia-
Subdivisión cronológica 1936-1939
830 00 - PUNTO DE ACCESO ADICIONAL DE SERIE-TÍTULO UNIFORME
Título uniforme Avapiés
Designación de volumen o secuencia 17
9 (RLIN) 178596
852 ## - LOCALIZACIÓN
Ubicación ES-MaACL
Número de control de estantería L-10099
Sublocalización o colección R.111759
Ubicación en estantería Depósito 2
Encuadernación Encuadernación rústica con solapas
942 ## - ELEMENTOS DE ENTRADA SECUNDARIOS (KOHA)
Tipo de ítem Koha Libro impreso
Suprimir en OPAC No
Holdings
Estatus retirado Estado de pérdida Estado de daño No para préstamo Biblioteca de origen Biblioteca actual Ubicación en estantería Fecha de adquisición Fuente de adquisición Total de préstamos Signatura topográfica completa Código de barras Visto por última vez Precio de reemplazo Tipo de ítem Koha
        Biblioteca del Ateneo de Madrid Biblioteca del Ateneo de Madrid Depósito 2 17/01/2008     L-10099 1097711 23/02/2023 23/02/2023 Libro impreso